Biblioteca

Don't leave home without them : (Registro nro. 53819)

Detalles MARC
000 -LÍDER
Campo fijo de descripción fija 01053aas a2200229 4500
001 - NÚMERO DE CONTROL
Campo de control 768714001
003 - IDENTIFICADOR DEL NÚMERO DE CONTROL
Campo de control CO-MdFUSB
005 - FECHA Y HORA DE LA ULTIMA TRANSACCIÓN
control field 20171120153953.0
008 - ELEMENTOS DE LONGITUD FIJA -- INFORMACIÓN GENERAL
Campo fijo de descripción fija -- Información general 170808s1997 xxu||||| |||| 00| 0 eng d
022 ## - NÚMERO INTERNACIONAL NORMALIZADO PARA PUBLICACIONES SERIADAS
Número Internacional Normalizado para Publicaciones Seriadas 0098-9444
040 ## - FUENTE DE CATALOGACIÓN
Agencia Catalogadora CO-MdFUSB
Idioma de catalogación spa
Agencia que realiza la transcripción CO-MdFUSB
Agencia que realiza la modificación CO-MdFUSB
041 ## - CÓDIGO DE IDIOMA
Código de idioma para texto/pista de sonido o título separado eng
100 1# - ASIENTO PRINCIPAL--NOMBRE PERSONAL
Nombre personal Vikan, Gary
Término relacionador autor
242 13 - TRADUCCIÓN DEL TÍTULO POR AGENCIA CATALOGADORA
Traducción del título No salgas de casa sin ellos :
Traducción del subtítulo los elogiados de los peregrinos aseguran un viaje seguro
245 10 - TÍTULO
Título Don't leave home without them :
Subtitulo pilgrim eulogiai ensure a safe trip
Mención de responsabilidad / Gary Vikan
300 ## - DESCRIPCIÓN FÍSICA
Extensión Volumen 23. Número 4 (1997), páginas 56-59
Dimensiones : 28 cm.
520 1# - NOTA DE RESUMEN, ETC.
Nota de sumario, etc. Amenazados por las tormentas en el mar, los climas duros y los animales feroces, los bizantinos peregrinos a llevaban Tierra Santa amuletos y frascos benditos, llamados elogiados, como guardianes milagrosos contra el peligro.
546 ## - NOTA DE IDIOMA
Nota de idioma Texto en inglés
650 #7 - ASIENTO SECUNDARIO DE MATERIA - TERMINO TEMÁTICO
9 (RLIN) 403
Término temático o nombre geográfico como elemento de entrada Excavaciones arqueológicas
773 0# - ASIENTO DE ITEM FUENTE
Título Biblical Archaeology Review
Biblionumber 49395
Itemnumber 59489
Parte(s) relacionada(s) / Volumen., número. (mes año), páginas Volumen 23. Número 4 (1997), páginas 56-59
Enumeración y primera página Página 56
942 ## - TIPO DE MATERIAL (KOHA)
Tipo de Item KOHA Artículos de Revista
Existencias
Expurgo - (Retirado) Estado de Perdido Estado de Dañado No prestable Colección Ubicación habitual Ubicación actual Fecha de Adquisición Signatura Topográfica Tipo de Material
        Colección de Hemeroteca Biblioteca FUSBC Biblioteca FUSBC 26/01/2016 Artículos de Revista

Biblioteca FUSBC | Teléfono: (57+4) 349 88 10 Ext. 141| WhatsApp (+57) 3005338115 
E-mail: biblioteca@unisbc.edu.co | Calle 76 87-14 Robledo Palenque, Medellín, Colombia

Con tecnología Koha